UDA-ERP para PYMES : módulos de inventarios y manufactura. Tomo 1, Principios de manufactura y software de aplicación /

Bibliographic Details
Main Author: Astudillo Rodríguez, Catalina (Author)
Format: Electronic eBook
Language:Spanish
Published: Cuenca, Ecuador : Universidad del Azuay, Casa Editora, [2022]
Edition:Primera edición.
Series:Homo (Universidad del Azuay, Casa Editora)
Subjects:
Online Access:Digitalia Hispánica

MARC

LEADER 00000nam a2200000 i 4500
001 DIGUAZUAY0206
003 NyNyDIG
007 cr |||||||||||
008 251216s2022 ec a ob 000 0 spa d
006 m o d
035 |a (OCoLC)1564457335 
040 |a DGITA  |b eng  |e rda  |e pn  |c DGITA 
020 |a 9789942618597  |q eBook 
020 |z 9789942618580 
050 1 4 |a T58.6 ebook 
100 1 |a Astudillo Rodríguez, Catalina,  |e author. 
245 1 0 |a UDA-ERP para PYMES :  |b módulos de inventarios y manufactura.  |n Tomo 1,  |p Principios de manufactura y software de aplicación /  |c autores, Catalina Astudillo Rodríguez [and 3 others]. 
246 3 0 |a Principios de manufactura y software de aplicación 
250 |a Primera edición. 
264 1 |a Cuenca, Ecuador :  |b Universidad del Azuay, Casa Editora,  |c [2022] 
300 |a 1 online resource :  |b color illustrations. 
336 |a text  |b txt  |2 rdacontent 
337 |a computer  |b c  |2 rdamedia 
338 |a online resource  |b cr  |2 rdacarrier 
347 |a text file  |2 rdaft 
347 |b PDF 
490 1 |a Homo 
504 |a Includes bibliographical references. 
588 0 |a Online resource; title from PDF title page (Digitalia, viewed December 16, 2025) 
650 0 |a Enterprise resource planning. 
650 0 |a Small business  |x Management. 
650 0 |a Management information systems. 
650 0 |a Inventory control. 
650 0 |a Production management. 
791 2 |a Digitalia (Firm),  |e distributor. 
793 0 |g Digitalia eBook Collection:  |a Universidad del Azuay 
776 0 8 |i Print version:  |a Astudillo Rodríguez, Catalina.  |t UDA-ERP para PYMES : módulos de inventarios y manufactura. Tomo 1, Principios de manufactura y software de aplicación.  |b Primera edición.  |d Cuenca, Ecuador : Universidad del Azuay, Casa Editora, [2022]  |z 9789942618580 
830 0 |a Homo (Universidad del Azuay, Casa Editora) 
856 4 0 |3 Digitalia Hispánica  |u https://www.digitaliapublishing.com/a/133591/ 
910 |a Premium collection: 2025